Apple CEOs by Picture - Statistics

General Stats
  • This quiz has been taken 10 times
    5 since last reset
  • The average score is 2 of 8
Answer Stats
Picture Hint Answer % Correct
1997-2011 Steve Jobs
100%
2011-2026 Tim Cook
100%
2026-Present John Ternus
20%
1977-1981 Michael Scott
20%
1996-1997 Gil Amelio
0%
1983-1993 John Sculley
0%
1993-1996 Michael Spindler
0%
1981-1983 Mike Markkula
0%
No matching quizzes found
Score Distribution
Percent of People with Each Score
Percentile by Number Answered
Your Score History
You have not taken this quiz since the last reset